| 000 | 00864nas a2200265 4500 | ||
|---|---|---|---|
| 001 | BR0604264 | ||
| 003 | BR-BrBNA | ||
| 005 | 20231205110339.0 | ||
| 007 | ta | ||
| 008 | 230509b bl.|||p| |||| 00| 00por d | ||
| 040 |
_aBR-BrBNA _bpor _cBiblioteca Nacional de Agricultura |
||
| 041 | _a(Pt) | ||
| 072 | _aU10; F06 | ||
| 100 | 1 | _aSilva, E.M. da | |
| 100 | 1 | _aLima, J.E.F.W. | |
| 100 | 1 | _aRodrigues, L.N. | |
| 100 | 1 | _aAzevedo, J.A. de | |
| 245 | 1 | _aComparação de modelos matemáticos não-lineares empregados na análise de desempenho de sistemas de irrigação | |
| 650 | _aIRRIGAÇÃO | ||
| 650 | _aMODELO MATEMÁTICO | ||
| 650 | _aDISTRIBUIÇÃO DE ÁGUA | ||
| 773 | 0 |
_tPesquisa Agropecuária Brasileira (Brazil) _xISSN 0100-204X _g(Jun 2006), v. 41(6) p. 1049-1052 _wBR0604264 |
|
| 909 |
_a202311 _bLúcia _c55 _dLúcia Elande |
||
| 942 |
_2AGRIS _n0 _cANA |
||
| 999 |
_c187058 _d187058 |
||